Carregant...

Significance of zoochromes /

Dades bibliogràfiques
Autor principal: NeedhamAE
Format: Printed Book
Idioma:English
Publicat: Springer Verlage c1974.
LEADER 00371nam a2200109Ia 4500
008 130611s9999 xx 000 0 eng d
100 |a NeedhamAE 
245 |a Significance of zoochromes / 
260 |b Springer Verlage  |c c1974. 
942 |c BK 
999 |c 128081  |d 128081 
952 |0 0  |1 0  |2 ddc  |4 0  |6 577_000000000000000_NEE_S  |7 0  |9 141463  |a ZOO  |b ZOO  |c ST1  |d 2013-06-11  |o 577 NEE/S  |p ZOO3462  |r 2013-06-11  |y BK